| 000 | 00408nam a22001577a 4500 | ||
|---|---|---|---|
| 999 |
_c117257 _d117257 |
||
| 005 | 20200302102930.0 | ||
| 008 | 200302b ||||| |||| 00| 0 eng d | ||
| 020 | _a9781786074331 | ||
| 040 | _cPK-LaUMT | ||
| 082 |
_a956.94 _bMAC-G |
||
| 100 | _aMacintyre, Donald | ||
| 245 |
_aGaza : _bpreparing for dawn / _cby Donald Macintyre |
||
| 260 |
_aLondon : _bOneworld, _c2018 |
||
| 300 | _a352 p. | ||
| 942 | _cBK | ||